00633nam a2200193Ia 4500952012900000999001700129003000400146005001700150008004100167020001700208040000900225082001800234100002600252245004400278260004300322300000900365650002300374942004200397 00102ddc40708M&HaMESbMEScPHYSd2019-02-20g700.00l0o612.76 SAX/Bp35850r2019-02-20 00:00:00w2019-02-20yBKzU22R2 c32626d32626OSt20201014112331.0190216s9999||||xx |||||||||||||| ||und|| a978817896475 coclc a612.76bSAX/B aSaxena, Anurag 95619 0aBiomechanics In Sports /cAnurag Saxena bSports Publication,c2011.aNew Delhi: a272p aPhysical Education cBK2ddch612.76iSAX/Bk612.76mSAX/B